La comunicación : principio, fin y dilema de los medios masivos /

Guardado en:
Autor Principal: Ferrari, Germán
Formato: Libro
Publicado: Buenos Aires : Longseller
Series:Compendios; No. 8
Materias:
Etiquetas: Agregar Etiqueta
Sin Etiquetas, Sea el primero en etiquetar este registro!
LEADER 00638nam a22002175a 4500
001 CEM.cems011846
005 20070810203530.0
008 130507b######################000#0#####d
003 CEMS
020 |a 9875500542 
082 0 4 |a 301.153 
100 1 |a Ferrari, Germán 
245 1 0 |a La comunicación :  |b principio, fin y dilema de los medios masivos /  |c Germán Ferrari 
260 |a Buenos Aires :  |b Longseller 
300 |a 95 p. 
490 0 |a Compendios; No. 8 
653 |a Sociología 
653 |a Comunicación 
653 |a Comunicación de masas 
653 |a Televisión 
859 |a CEMS  |b BIB. CEMS - 11 de abril  |h 301.153  |i F412  |p 22913.05  |t Ej.1